| 000 | 00615nam a2200169Ia 4500 | ||
|---|---|---|---|
| 008 | 090201s9999 xx 000 0 und d | ||
| 010 | _aKPL-28504 | ||
| 040 | _bमराठी | ||
| 041 | _aमराठी | ||
| 082 |
_a29951 _b28504 |
||
| 100 | _aश्री ना बेहरे | ||
| 245 |
_a"बेल तेल, वार्निश,पॉलीश व रंग" _cश्री ना बेहरे |
||
| 260 |
_c2004 _bउद्यम प्रकाशन |
||
| 300 |
_a150 _bमोठा |
||
| 600 | _a"बेल तेल, वार्निश,पॉलीश व रंग" | ||
| 942 | _cBOOK | ||
| 999 |
_c228511 _d228511 |
||